00927 2200229 4500001002100000005001500021035002000036008004100056020001800097041000800115082000800123084001200131100001600143245003900159260004500198300003600243520033700279650001600616250001100632990002700643990002700670INLIS00000000000379920241014041838 a0010-0520003799241014 | 0 ind  a9789797093952 aind a473 a473/MAR0 aB.J Marwoto1 aKamus Latin Populer /cB.J Marwoto aJakarta :bKompas Media Nusantara,c2009 axxii,138p. :b:illus. ;c21 cm. aSengaja buku ini diberi judul seperti tersebut di atas. Karena hal ihwal bicara, mengucapkan, berasal dari kata dico, dicerce, dixxi, dictum. Pengertian kata dalam bahasa Latin ini menjdai sangat pokok dan perlu dalam pendidikan (education, -nis), ilmu segala ilmu, dan budi bahasa; mulai dari bahasa Indonesia hingga seluruh dunia. 4aLatin-Kamus aCet. 1 a12757/MKRI-P/VIII-2009 a12758/MKRI-P/VIII-2009